000 00329nam a2200109Ia 4500
003 GCL
008 140319s9999 xx 000 0 ara d
040 _aGCL /
_cGCL
082 0 4 _a628011
_bا ت
245 1 0 _aتطبيقات الحاسب الالكترونى الصغير فى مصادر المياةالاولى
250 _aالاولى
999 _c6999
_d6999